La Bibbia commentata dai Padri: Nuovo Testamento (Record n. 337812)

Dettagli MARC
000 -LEADER
fixed length control field 01286nam a2200277Ia 4500
001 - CONTROL NUMBER
control field 220.66-BIB co pa (16094)
003 - CONTROL NUMBER IDENTIFIER
control field IT-MiSPE
008 - FIXED-LENGTH DATA ELEMENTS--GENERAL INFORMATION
fixed length control field 171229s9999||||xx |||||||||||||| ||und||
040 ## - CATALOGING SOURCE
Original cataloging agency IT-MiSPE
Transcribing agency IT-MiSPE
041 ## - LANGUAGE CODE
Language code of text/sound track or separate title ITALIANO
999 ## - SYSTEM CONTROL NUMBERS (KOHA)
Koha Dewey Subclass [OBSOLETE] NO
100 ## - MAIN ENTRY--PERSONAL NAME
Personal name Manlio Simonetti
240 ## - UNIFORM TITLE
Uniform title Ancient Christian Commentary on Scripture: New Testament: I/a Matthew 1-13
245 #0 - TITLE STATEMENT
Title La Bibbia commentata dai Padri: Nuovo Testamento
Remainder of title I/1. Matteo 1-13
250 ## - EDITION STATEMENT
Edition statement 1a ed. (v)
260 ## - PUBLICATION, DISTRIBUTION, ETC. (IMPRINT)
Place of publication, distribution, etc. Roma
Name of publisher, distributor, etc. Città Nuova
Date of publication, distribution, etc. 2004
300 ## - PHYSICAL DESCRIPTION
Extent 475 p. [v.]
Dimensions 25 cm
490 ## - SERIES STATEMENT
Volume/sequential designation NT: 1°/1
501 ## - WITH NOTE
With note Edizioni San Paolo srl - Piazza Soncino, 5 - 20092 CINISELLO BALSAMO (MI) (non commercial uses only) ® Copyright 2018
520 ## - SUMMARY, ETC.
Summary, etc. Altri autori: Elisabetta Spagnolo, Massimiliano Cigniti, Angelo Di Berardino (intr.)
650 ## - SUBJECT ADDED ENTRY--TOPICAL TERM
Topical term or geographic name as entry element BIBBIA
700 ## - ADDED ENTRY--PERSONAL NAME
Personal name Angelo Di Berardino
700 ## - ADDED ENTRY--PERSONAL NAME
Personal name Gianluca Pilara
Miscellaneous information (traduzione)
942 ## - ADDED ENTRY ELEMENTS (KOHA)
Koha item type LIBRO
957 ## -
-- 1
999 ## - SYSTEM CONTROL NUMBERS (KOHA)
-- Copie: 1
Dati di copia
Withdrawn status Lost status Damaged status Not for loan Home library Current library Date acquired Total Checkouts Full call number Date last seen Price effective from Koha item type Public note
    Buone Condizioni Not For Loan CINISELLO CINISELLO 30/12/2017   220.66-BIB co pa (16094) 30/12/2017 30/12/2017 LIBRO (data import: 20 dicembre 2017) - By Epidotti, Vaglietti.
CREDITS: SOCIETA' SAN PAOLO Via A.Severo, 58 - ROMA (RM) & PERIODICI SAN PAOLO SRL Via Giotto, 36 MILANO & CISF Via Giotto, 36 MILANO & EDIZIONI SAN PAOLO SRL,  Piazza Soncino, 5 CINISELLO BALSAMO (MI) -- ITALY